Normal view
MARC view
Entry Personal Name
001 - CONTROL NUMBER
- control field: 61936
003 - CONTROL NUMBER IDENTIFIER
- control field: OSt
005 - DATE AND TIME OF LATEST TRANSACTION
- control field: 20221114161832.0
008 - FIXED-LENGTH DATA ELEMENTS
- fixed length control field: 221114|| aca||aabn | a|a d
040 ## - CATALOGING SOURCE
- Original cataloging agency: OSt
- Transcribing agency: OSt
100 ## - HEADING--PERSONAL NAME
- Personal name: HUSAIN (Majid)
670 ## - SOURCE DATA FOUND
- Source citation: Work cat.: (OSt)152281: HUSAIN (Majid), Geography of India , 2013